[Event "GRENKE Chess Open 2017"]
[Site "Karlsruhe GER"]
[Date "2017.04.13"]
[Round "1.21"]
[White "Onischuk,V"]
[Black "Kuznetsov,Volodymyr"]
[Result "1-0"]
[WhiteElo "2599"]
[BlackElo "2136"]

1.e4 e5 2.Nf3 Nc6 3.Bc4 Bc5 4.d3 Nf6 5.Bb3 d6 6.c3 O-O 7.O-O Be6 8.Nbd2 d5
9.exd5 Bxd5 10.Re1 Qd6 11.Qe2 Rfe8 12.Nh4 a5 13.Ne4 Qe6 14.Ng5 Qd7 15.a4 Rad8
16.Ne4 Nxe4 17.dxe4 Be6 18.Nf5 f6 19.h4 Qf7 20.h5 Rd7 21.Bd2 Ne7 22.Ne3 Bxe3
23.Bxe3 Red8 24.Red1 Bxb3 25.Rd2 b6 26.c4 Qe8 27.Ra3 Bxa4 28.c5 b5 29.b3 Bxb3
30.Rxb3 b4 31.h6 Nc6 {#r} 1-0

[Event "GRENKE Chess Open 2017"]
[Site "Karlsruhe GER"]
[Date "2017.04.13"]
[Round "1.22"]
[White "Van Baar,Esper"]
[Black "Fridman,D"]
[Result "0-1"]
[WhiteElo "2136"]
[BlackElo "2597"]

1.e4 c6 2.d4 d5 3.exd5 cxd5 4.Bd3 Nc6 5.c3 Qc7 6.Ne2 Bg4 7.O-O e6 8.Bf4 Bd6
9.Bxd6 Qxd6 10.h3 Bh5 11.Qd2 Bg6 12.Bxg6 hxg6 13.Qf4 Qe7 14.Nd2 g5 15.Qg3 Nh6
16.Nf3 f6 17.Rfe1 Nf5 18.Qg4 Kf7 19.c4 Nh6 20.Qg3 dxc4 21.d5 exd5 22.Nc3 Qd7
23.Nxd5 Qxd5 24.Rad1 Qa5 25.Rd7+ Kg6 26.b4 cxb3 27.Nh4+ Kh7 28.Qd3+ f5 29.Nf3
Rhe8 30.Nxg5+ Kh8 31.Rxe8+ Rxe8 32.Qxb3 Qe1+ 33.Kh2 Qxf2 34.Ne6 Ne5 35.Rxb7
Rxe6 36.Qxe6 Nf3+ 37.Kh1 Qf1# 0-1

[Event "GRENKE Chess Open 2017"]
[Site "Karlsruhe GER"]
[Date "2017.04.13"]
[Round "1.24"]
[White "Prestel,O"]
[Black "Erdos,V"]
[Result "0-1"]
[WhiteElo "2134"]
[BlackElo "2593"]

1.d4 Nf6 2.c4 e6 3.Nf3 d5 4.Nc3 Nbd7 5.Bg5 h6 6.Bh4 c6 7.e3 g5 8.Bg3 Nh5
9.cxd5 exd5 10.Bd3 Nxg3 11.hxg3 Bg7 12.Qc2 Nb6 13.O-O-O Be6 14.Ne5 Qe7 15.Kb1
O-O-O 16.Rc1 Kb8 17.Na4 Bxe5 18.dxe5 Nc4 19.Bxc4 dxc4 20.Rcd1 b5 21.Nc3 Qc5
22.Qe4 f5 23.Qf3 Kc7 24.Rxd8 Rxd8 25.Rxh6 Qxe5 26.Ne2 b4 27.Nd4 Rxd4 28.exd4
Qe1+ 29.Kc2 Bd5 30.Qd1 Be4+ 31.Kc1 Qxf2 32.Rh7+ Kd6 33.Rh1 Qxg2 34.Re1 Qxg3
35.Qd2 c3 36.bxc3 bxc3 37.Qe3 Qxe3+ 38.Rxe3 c2 39.Ra3 f4 40.Rxa7 g4 41.Rg7 g3
42.Rg4 g2 {#R} 0-1

[Event "GRENKE Chess Open 2017"]
[Site "Karlsruhe GER"]
[Date "2017.04.13"]
[Round "1.25"]
[White "Bogner,S"]
[Black "Germer,P"]
[Result "1-0"]
[WhiteElo "2592"]
[BlackElo "2132"]

1.Nf3 Nf6 2.c4 e6 3.g3 d5 4.Bg2 Be7 5.O-O O-O 6.d4 dxc4 7.Qc2 Nbd7 8.Rd1 c6
9.Qxc4 Bd6 10.Nc3 Qe7 11.e4 e5 12.h3 h6 13.Be3 Re8 14.Rac1 a6 15.a4 exd4
16.Bxd4 Ne5 17.Nxe5 Bxe5 18.Bxe5 Qxe5 19.f4 Qh5 20.e5 Be6 21.Qe2 Qxe2 22.Nxe2
Bb3 23.Rd3 Bd5 24.Nc3 Bxg2 25.Kxg2 Nd5 26.Nxd5 cxd5 27.Rxd5 Rac8 28.Rxc8 Rxc8
29.Kf3 Rc2 30.Rd8+ Kh7 31.Rd7 Rxb2 32.Rxf7 Rb3+ 33.Kg4 h5+ 34.Kh4 Kg6 35.e6
Re3 36.Rf8 Kh6 37.Rh8+ Kg6 38.Rxh5 Kf6 39.f5 Re4+ 40.g4 Rxa4 41.Rh8 {#r} 1-0

[Event "GRENKE Chess Open 2017"]
[Site "Karlsruhe GER"]
[Date "2017.04.13"]
[Round "1.27"]
[White "Kulaots,K"]
[Black "Mitterwald,Johannes"]
[Result "1-0"]
[WhiteElo "2588"]
[BlackElo "2131"]

1.e4 c5 2.Nf3 d6 3.c3 Nf6 4.h3 Nc6 5.Bd3 g6 6.O-O Bg7 7.Bc2 O-O 8.d4 cxd4
9.cxd4 d5 10.e5 Ne4 11.Nc3 Bf5 12.Re1 Nxc3 13.bxc3 Bxc2 14.Qxc2 Na5 15.h4 Qd7
16.h5 Qg4 17.h6 Bh8 18.Nh2 Qe6 19.Re3 Rfc8 20.Rg3 Rc4 21.Nf3 Qc6 22.Bd2 Rc8
23.Qf5 b5 24.Qg5 Qe6 25.Re1 f6 26.exf6 exf6 27.Rxe6 fxg5 28.Nxg5 Ra4 29.Rf3
Rxa2 30.Rf7 Bxd4 31.cxd4 Rxd2 32.Rg7+ Kh8 33.Nf7# 1-0

[Event "GRENKE Chess Open 2017"]
[Site "Karlsruhe GER"]
[Date "2017.04.13"]
[Round "1.28"]
[White "Stuemer,P"]
[Black "Papp,Ga"]
[Result "0-1"]
[WhiteElo "2131"]
[BlackElo "2581"]

1.Nf3 c5 2.e3 g6 3.d4 Bg7 4.d5 Nf6 5.Nc3 O-O 6.Bc4 d6 7.O-O Nbd7 8.e4 Nb6
9.Be2 e6 10.a4 exd5 11.exd5 Bg4 12.a5 Bxf3 13.Bxf3 Nc4 14.a6 Qb6 15.axb7 Qxb7
16.Ra2 Nd7 17.Be2 Ndb6 18.Bxc4 Nxc4 19.Qd3 Nb6 20.Bd2 Rfe8 21.Rd1 Bd4 22.Qb5
Qe7 23.Qf1 Qf6 24.Ra6 Qf5 25.Nb5 Qxc2 26.Nc7 Nc4 27.Nxe8 Rxe8 28.Bh6 Nxb2
29.Re1 Qxf2+ {#R} 0-1

[Event "GRENKE Chess Open 2017"]
[Site "Karlsruhe GER"]
[Date "2017.04.13"]
[Round "1.31"]
[White "Wagner,De"]
[Black "Kienitz,A"]
[Result "1-0"]
[WhiteElo "2577"]
[BlackElo "2127"]

1.e4 e5 2.Nf3 Nc6 3.Bb5 a6 4.Ba4 Nf6 5.O-O Be7 6.Re1 b5 7.Bb3 d6 8.c3 O-O 9.h3
Nb8 10.d4 Nbd7 11.Nbd2 Bb7 12.Bc2 Re8 13.Nf1 Bf8 14.Ng3 g6 15.Bg5 Bg7 16.Qd2
c6 17.Rad1 Qc7 18.Bh6 Rad8 {#r} 1-0

[Event "GRENKE Chess Open 2017"]
[Site "Karlsruhe GER"]
[Date "2017.04.13"]
[Round "1.34"]
[White "Hebbering,Tom Elliot"]
[Black "Svetushkin,D"]
[Result "0-1"]
[WhiteElo "2126"]
[BlackElo "2574"]

1.d4 Nf6 2.c4 e6 3.g3 Bb4+ 4.Bd2 a5 5.Bg2 d6 6.Nc3 Nbd7 7.e3 O-O 8.Nge2 e5
9.O-O Nb6 10.b3 Qe7 11.a3 Bxc3 12.Nxc3 e4 13.Qc2 Bf5 14.f3 a4 15.Nxe4 Nxe4
16.fxe4 axb3 17.Qd3 Bg6 18.a4 b2 19.Ra2 Nxa4 20.Qb3 Bxe4 21.Rxa4 Rxa4 22.Qxa4
b1=R 23.Rxb1 Bxb1 24.Bxb7 Be4 25.Bxe4 Qxe4 26.Qa5 Ra8 27.Qc3 Qb1+ 28.Kg2 Ra2
{#R} 0-1

[Event "GRENKE Chess Open 2017"]
[Site "Karlsruhe GER"]
[Date "2017.04.13"]
[Round "1.35"]
[White "Moussard,J"]
[Black "Scheckenbach,F"]
[Result "1-0"]
[WhiteElo "2573"]
[BlackElo "2126"]

1.Nf3 e6 2.g3 d5 3.Bg2 c5 4.O-O Nc6 5.d4 cxd4 6.Nxd4 Qb6 7.Nb3 Nf6 8.a4 Be7
9.Nc3 a5 10.Nb5 O-O 11.c3 h6 12.Be3 Qd8 13.Qc1 Ng4 14.Rd1 Nxe3 15.Qxe3 Bf6
16.f4 Re8 17.Qf2 Qe7 18.e4 dxe4 19.Bxe4 e5 20.f5 Rd8 21.Kg2 Qf8 22.Nd2 Be7
23.Nc4 Bc5 24.Rxd8 Nxd8 25.Qd2 Nc6 26.Rd1 Ne7 27.Qd3 f6 28.Ncd6 Bxd6 29.Nxd6
Rb8 30.Qc4+ Kh7 31.Qc7 Ra8 32.g4 Ra6 33.Nxc8 Qxc8 34.Qxc8 Nxc8 35.Bxb7 Rd6
36.Rxd6 Nxd6 37.Bd5 h5 38.b4 hxg4 39.bxa5 Nc8 40.Kg3 g6 41.Kxg4 gxf5+ 42.Kxf5
{#r} 1-0

[Event "GRENKE Chess Open 2017"]
[Site "Karlsruhe GER"]
[Date "2017.04.13"]
[Round "1.37"]
[White "Kunin,V"]
[Black "Machlowski,S"]
[Result "1-0"]
[WhiteElo "2567"]
[BlackElo "2125"]

1.d4 c5 2.d5 e6 3.c4 exd5 4.cxd5 d6 5.a4 Ne7 6.b3 Ng6 7.Bb2 Be7 8.Bxg7 Rg8
9.Bc3 Bf6 10.e3 Ne5 11.Nf3 Bg4 12.Be2 Bxf3 13.Bxf3 Na6 14.O-O Qe7 15.Be2 Nc7
16.Na3 Nf3+ 17.Bxf3 Bxc3 18.Rb1 O-O-O 19.Qd3 Qf6 20.Be4 Kb8 21.Nc4 h5 22.Rbc1
Bb4 23.f4 h4 24.Bf5 Rg7 25.Bh3 Qh6 26.e4 Qg6 27.Qf3 Qf6 28.Rfd1 Rgg8 29.Rd3 b5
30.e5 Qh6 31.Nxd6 Rxd6 32.exd6 Qxd6 33.Kh1 Rd8 34.axb5 Nxb5 35.Qe4 Qc7 36.f5
Qb7 37.Qxh4 Rxd5 38.Qg3+ {#r} 1-0

[Event "GRENKE Chess Open 2017"]
[Site "Karlsruhe GER"]
[Date "2017.04.13"]
[Round "1.38"]
[White "Schaffert,Walter"]
[Black "Danin,A"]
[Result "0-1"]
[WhiteElo "2125"]
[BlackElo "2564"]

1.e4 c6 2.d4 d5 3.exd5 cxd5 4.c4 Nf6 5.Nc3 Nc6 6.Bg5 Ne4 7.cxd5 Nxc3 8.bxc3
Qxd5 9.Qd2 e5 10.dxe5 Qxe5+ 11.Be2 Be7 12.Bxe7 Qxe7 13.Nf3 O-O 14.O-O Rd8
15.Qb2 Bg4 16.h3 Bh5 17.Rfd1 Re8 18.Re1 Bxf3 19.Bxf3 Qxe1+ 20.Rxe1 Rxe1+
21.Kh2 Re7 22.h4 Ne5 23.Bd5 Ng4+ 24.Kh3 Nf6 25.Bf3 Rc7 26.g4 h6 27.Kg2 Nh7
28.c4 Rac8 29.c5 Nf8 30.Bd5 Ng6 31.Kg3 Rd8 32.Qb3 Rdd7 33.Be4 Nf8 34.f4 Rxc5
35.Bxb7 Rdc7 36.Bf3 Rc3 37.Qb4 Rd3 {#R} 0-1

[Event "GRENKE Chess Open 2017"]
[Site "Karlsruhe GER"]
[Date "2017.04.13"]
[Round "1.44"]
[White "Dill,Xaver"]
[Black "Sadzikowski,D"]
[Result "0-1"]
[WhiteElo "2120"]
[BlackElo "2547"]

1.Nf3 c5 2.e4 d6 3.Bb5+ Nd7 4.d4 cxd4 5.Qxd4 a6 6.Bxd7+ Bxd7 7.O-O e5 8.Qd3
Rc8 9.c4 b5 10.Nfd2 Nf6 11.Nc3 Qb6 12.b3 Be7 13.Bb2 O-O 14.Rac1 Rc7 15.Rc2 Be6
16.Nd5 Nxd5 17.cxd5 Rxc2 18.Qxc2 Bd7 19.Rc1 Bd8 20.Nf1 f5 21.exf5 Bxf5 22.Qc6
Bd7 23.Qxb6 Bxb6 24.Rc2 Bf5 25.Rc6 Bxf2+ 26.Kxf2 Bd7+ 27.Ke2 Bxc6 28.dxc6 Rc8
29.Ne3 Rxc6 30.Kd3 Kf7 31.h4 Ke6 32.h5 d5 33.g4 g6 34.hxg6 hxg6 35.Nc2 Rc8
36.Bc1 d4 {#R} 0-1

[Event "Zurich Korchnoi Open 2017"]
[Site "Zurich SUI"]
[Date "2017.04.13"]
[Round "1.4"]
[White "Rakhmanov,Ale"]
[Black "Jovanovic,Slad"]
[Result "1-0"]
[WhiteElo "2665"]
[BlackElo "2141"]

1.c4 Nf6 2.Nc3 d5 3.cxd5 Nxd5 4.Nf3 g6 5.Qb3 c6 6.e4 Nb6 7.d4 Bg7 8.Be3 O-O
9.h3 N8d7 10.Rd1 e5 11.dxe5 Qe7 12.e6 fxe6 13.Be2 Kh8 14.a4 Ne5 15.Nd4 c5
16.Ndb5 Nc6 17.Nxa7 Nb4 18.Nxc8 Rfxc8 19.O-O c4 20.Qa3 Nxa4 21.Nxa4 b5 22.Nb6
Rxa3 23.Nxc8 Qf8 24.bxa3 Nc2 25.Nd6 Nxa3 26.Nf7+ {#r} 1-0

[Event "Zurich Korchnoi Open 2017"]
[Site "Zurich SUI"]
[Date "2017.04.13"]
[Round "1.5"]
[White "Fischer,Daniel"]
[Black "Motylev,A"]
[Result "0-1"]
[WhiteElo "2141"]
[BlackElo "2658"]

1.e4 c5 2.Nf3 Nc6 3.d4 cxd4 4.Nxd4 g6 5.Nc3 Bg7 6.Nb3 Nf6 7.Be2 O-O 8.O-O d6
9.Re1 Bd7 10.Bf1 Rc8 11.Bg5 Ne5 12.Nd5 Nxd5 13.exd5 Re8 14.c3 a5 15.a4 Nc4
16.Bxc4 Rxc4 17.Nd2 Rg4 18.Nf3 Qb6 19.Re2 e5 20.dxe6 Rxe6 21.Rxe6 Bxe6 22.h3
Re4 23.Qd2 Bd7 24.Be3 Qc6 25.Nd4 Qd5 26.Qc2 Rh4 27.Rd1 Qh5 28.Qe2 Bxa4 29.Qxh5
Rxh5 30.Ra1 Be8 31.c4 a4 32.Rd1 Re5 33.Rd2 Re4 34.Kf1 f5 35.Nb5 f4 36.Bb6 Rxc4
37.Nxd6 Rc1+ 38.Ke2 Bc6 39.f3 Rb1 {#R} 0-1

[Event "Zurich Korchnoi Open 2017"]
[Site "Zurich SUI"]
[Date "2017.04.13"]
[Round "1.6"]
[White "Berkes,F"]
[Black "Borner,D"]
[Result "1-0"]
[WhiteElo "2648"]
[BlackElo "2138"]

1.d4 Nf6 2.Nf3 g6 3.Nbd2 Bg7 4.e4 d6 5.Bd3 O-O 6.O-O Nc6 7.Re1 e5 8.c3 Re8
9.h3 d5 10.Nxe5 Nxe5 11.dxe5 Nxe4 12.Nf3 f5 13.exf6 Nxf6 14.Bg5 Rxe1+ 15.Qxe1
Bd7 16.Qe5 c6 17.Re1 Be8 18.Nd4 Bf7 19.Ne6 Bxe6 20.Qxe6+ Kh8 21.Qf7 Qf8 22.Re7
{#r} 1-0

[Event "Zurich Korchnoi Open 2017"]
[Site "Zurich SUI"]
[Date "2017.04.13"]
[Round "1.7"]
[White "Potterat,M"]
[Black "Guseinov,G"]
[Result "0-1"]
[WhiteElo "2129"]
[BlackElo "2643"]

1.d4 Nf6 2.c4 g6 3.Nc3 Bg7 4.e4 d6 5.f4 O-O 6.Nf3 e5 7.dxe5 dxe5 8.Qxd8 Rxd8
9.Nxe5 Na6 10.Be2 Nc5 11.Bf3 Be6 12.Nd5 Nfxe4 13.Nxc7 Bxe5 14.Nxe6 Bxb2
15.Bxb2 fxe6 16.Ba3 Rd3 17.Bxc5 Nxc5 18.Ke2 Rf8 19.g3 Ra3 20.Rhd1 g5 21.Rd4
Kg7 22.h4 gxh4 23.gxh4 Kf6 24.Rd2 Ke7 25.Rg1 Rxf4 26.Bxb7 Rxh4 {#R} 0-1

[Event "Zurich Korchnoi Open 2017"]
[Site "Zurich SUI"]
[Date "2017.04.13"]
[Round "1.8"]
[White "Romanov,E"]
[Black "Agushi,A"]
[Result "1-0"]
[WhiteElo "2640"]
[BlackElo "2124"]

1.d4 d5 2.Nf3 Nf6 3.Bf4 e6 4.e3 Bd6 5.Nbd2 O-O 6.Bd3 b6 7.Qe2 c5 8.Bxd6 Qxd6
9.e4 Qf4 10.e5 Nfd7 11.h4 f5 12.Ng5 Qxd4 13.Nxe6 Qxb2 14.O-O Qxe5 15.Nxf8 Qxe2
16.Bxe2 Kxf8 17.Bf3 Nf6 18.c4 Bb7 19.Rfd1 Na6 20.a4 Nb4 21.a5 Rb8 22.axb6 axb6
23.cxd5 Bxd5 24.Bxd5 Nfxd5 25.Nc4 Nc2 26.Ne5 Rd8 27.Nc6 Rc8 28.Ra7 Nf6 29.Ne7
Rb8 30.Nxf5 g6 31.Nd6 Kg8 32.Nb5 Nb4 33.Rd6 Nbd5 34.g4 Re8 35.g5 Re1+ 36.Kg2
{#r} 1-0

[Event "Zurich Korchnoi Open 2017"]
[Site "Zurich SUI"]
[Date "2017.04.13"]
[Round "1.9"]
[White "Pilhoefer,A"]
[Black "Ivanisevic,I"]
[Result "0-1"]
[WhiteElo "2124"]
[BlackElo "2633"]

1.e4 c5 2.c3 d5 3.exd5 Nf6 4.d4 cxd4 5.Bb5+ Nbd7 6.Qxd4 g6 7.d6 Bg7 8.dxe7
Qxe7+ 9.Qe3 a6 10.Qxe7+ Kxe7 11.Be2 Re8 12.Na3 Kf8 13.Bf4 Ne4 14.Nc4 Nxc3
15.Nd6 Re6 16.Rc1 Nd5 17.Bg3 N7b6 18.Rc2 f5 19.Nh3 Bh6 20.Nxc8 Rxc8 21.Rxc8+
Nxc8 22.Bb8 Nce7 23.f4 Nc6 24.Be5 Nxe5 25.fxe5 Rxe5 26.Kf2 Be3+ 27.Kf3 g5 {#R}
0-1

[Event "Zurich Korchnoi Open 2017"]
[Site "Zurich SUI"]
[Date "2017.04.13"]
[Round "1.10"]
[White "Bauer,Ch"]
[Black "Stehli,M"]
[Result "1-0"]
[WhiteElo "2619"]
[BlackElo "2117"]

1.b3 Nf6 2.Bb2 e6 3.Nf3 c5 4.e3 b6 5.d4 Bb7 6.Bd3 Be7 7.O-O Qc7 8.c4 d6 9.Nc3
a6 10.d5 e5 11.Nh4 Bc8 12.Nf5 Bf8 13.f4 Nbd7 14.Ne4 Nxe4 15.Bxe4 Ra7 16.Qf3 f6
17.Nh4 g6 18.f5 Bg7 19.fxg6 Nf8 20.gxh7 Qf7 21.Qg3 Kd8 22.Ng6 Nxg6 23.Bxg6 Qf8
24.Rf3 Bh6 25.Raf1 Bg7 26.Qh4 Re7 27.Rxf6 Bxf6 28.Rxf6 Qg7 29.Rxd6+ Kc7 30.Qf6
Qxf6 31.Rxf6 Bd7 32.d6+ {#r} 1-0

[Event "Zurich Korchnoi Open 2017"]
[Site "Zurich SUI"]
[Date "2017.04.13"]
[Round "1.11"]
[White "Zweifel,Richard"]
[Black "Perunovic,Mil"]
[Result "0-1"]
[WhiteElo "2114"]
[BlackElo "2611"]

1.e4 c5 2.Nf3 e6 3.b3 a6 4.Bb2 Nc6 5.g3 d5 6.exd5 exd5 7.Qe2+ Qe7 8.d4 Bg4
9.Qxe7+ Bxe7 10.Bg2 Nf6 11.Nbd2 Rc8 12.O-O Nxd4 13.Bxd4 cxd4 14.Nxd4 O-O 15.h3
Bh5 16.g4 Bg6 17.c4 Bd3 18.Rfd1 Bc5 19.Nf5 h5 20.Nf1 dxc4 21.Bxb7 Rb8 22.Bxa6
hxg4 23.N1e3 Bxf5 24.Nxf5 cxb3 25.axb3 Rxb3 26.hxg4 Nxg4 27.Ra2 Ra8 28.Rd5
Bxf2+ 29.Kg2 g6 30.Nh6+ Nxh6 31.Kxf2 Rb6 32.Rda5 Kg7 33.Kf3 Nf5 34.Bd3 Rxa5
35.Rxa5 Nd6 36.Rd5 f5 37.Kf4 Kf6 38.Ra5 Rb4+ 39.Kf3 g5 40.Ra6 g4+ 41.Kg3 Rd4
42.Be2 Kg5 43.Ra5 Ne4+ 44.Kg2 Rd2 {#R} 0-1

[Event "Zurich Korchnoi Open 2017"]
[Site "Zurich SUI"]
[Date "2017.04.13"]
[Round "1.12"]
[White "Hera,I"]
[Black "Giesinger,Elias"]
[Result "1-0"]
[WhiteElo "2608"]
[BlackElo "2111"]

1.Nf3 Nf6 2.g3 b5 3.Bg2 Bb7 4.O-O e6 5.d3 Be7 6.e4 d6 7.Nd4 a6 8.Nb3 Nc6 9.f4
O-O 10.Be3 Nd7 11.N1d2 Nb6 12.Qh5 g6 13.Qh3 f5 14.exf5 exf5 15.Bxb6 cxb6
16.Bd5+ Kh8 17.Qg2 Qc7 18.c3 Bf6 19.Rfe1 Rfe8 20.Nf1 Rab8 21.a3 Na5 22.Nxa5
Qc5+ 23.d4 Bxd4+ 24.cxd4 Qxd4+ 25.Qf2 Qxf2+ 26.Kxf2 Bxd5 27.Rxe8+ Rxe8 28.Ne3
Rxe3 29.Kxe3 bxa5 30.Rd1 Bc4 31.Rxd6 Kg7 32.Rxa6 a4 33.Kd4 h6 34.Rxa4 bxa4
35.Kxc4 g5 36.Kb4 gxf4 37.gxf4 Kg6 38.Kxa4 Kh5 39.b4 Kg4 40.b5 Kxf4 41.b6 Ke3
42.b7 f4 43.b8=Q {#r} 1-0

[Event "Zurich Korchnoi Open 2017"]
[Site "Zurich SUI"]
[Date "2017.04.13"]
[Round "1.13"]
[White "Prado Lobo,Jonas"]
[Black "Tregubov,P"]
[Result "0-1"]
[WhiteElo "2108"]
[BlackElo "2579"]

1.d4 Nf6 2.c4 e6 3.Nc3 Bb4 4.Qc2 Nc6 5.Nf3 d6 6.Bd2 O-O 7.e4 e5 8.d5 Nd4
9.Nxd4 exd4 10.Nb1 a5 11.Bxb4 axb4 12.Nd2 Ng4 13.Bd3 f5 14.O-O fxe4 15.Bxe4
Qh4 16.h3 Nxf2 17.Bxh7+ Kh8 18.Nb3 Nxh3+ 19.gxh3 Bxh3 20.Rxf8+ Rxf8 21.Be4 Rf4
22.Bg2 d3 23.Qd2 Bxg2 24.Qxg2 Rg4 25.Rf1 d2 {#R} 0-1

[Event "Zurich Korchnoi Open 2017"]
[Site "Zurich SUI"]
[Date "2017.04.13"]
[Round "1.14"]
[White "Zhigalko,A"]
[Black "Toenz,A"]
[Result "1-0"]
[WhiteElo "2577"]
[BlackElo "2107"]

1.e4 g6 2.d4 Bg7 3.c4 d6 4.Nc3 e5 5.d5 f5 6.exf5 gxf5 7.Qh5+ Kf8 8.Nf3 Nf6
9.Qh4 a5 10.Bh6 Qe7 11.O-O-O Na6 12.Ng5 Bd7 13.f4 e4 14.Be2 Re8 15.g4 Bxh6
16.Qxh6+ Qg7 17.Qxg7+ Kxg7 18.gxf5 Bxf5 19.Rdg1 Kf8 20.Nb5 h6 21.Nd4 hxg5
22.fxg5 Nxd5 23.Nxf5 Ne7 24.Ng3 Nc5 25.Bh5 Rd8 26.Rf1+ Kg8 27.Bf7+ Kh7 28.h4
Rhf8 29.h5 Nd3+ 30.Kc2 Ne5 31.g6+ Kh6 32.Nxe4 c6 33.Rf6 d5 34.Nc5 Ng4 35.Rf3
Nf5 36.Ne6 dxc4 37.Nxd8 Rxd8 38.Kb1 Nfe3 39.Rg1 Rd6 40.Rxe3 Nxe3 41.g7 c3
42.bxc3 {#r} 1-0

[Event "Zurich Korchnoi Open 2017"]
[Site "Zurich SUI"]
[Date "2017.04.13"]
[Round "1.15"]
[White "Leutwyler,Mathias"]
[Black "Martirosyan,Haik M."]
[Result "0-1"]
[WhiteElo "2097"]
[BlackElo "2515"]

1.e4 e6 2.d4 d5 3.Nd2 c5 4.exd5 Qxd5 5.Ngf3 cxd4 6.Bc4 Qd6 7.O-O Nf6 8.Nb3 Nc6
9.Nbxd4 Nxd4 10.Nxd4 a6 11.Re1 Qc7 12.Qe2 Bd7 13.Bg5 O-O-O 14.Rad1 Bb4 15.c3
Bd6 16.Nf3 Bc6 17.Rxd6 Qxd6 18.Ne5 Rhf8 19.Bf4 Nd5 20.Bg3 Qc5 21.b4 Qb6
22.Nxc6 Qxc6 23.Be5 f6 24.b5 axb5 25.Bxb5 Nxc3 26.Bxc3 Qxc3 27.Qxe6+ Kb8 28.a4
Rd2 29.Qe7 Rfd8 30.Qxg7 Rd1 31.Rf1 Rxf1+ 32.Bxf1 Rd1 33.Qg4 Qd3 34.Qf4+ Ka8
{#R} 0-1

[Event "Zurich Korchnoi Open 2017"]
[Site "Zurich SUI"]
[Date "2017.04.13"]
[Round "1.16"]
[White "Pavlovic,Milos"]
[Black "Gass,U"]
[Result "1-0"]
[WhiteElo "2495"]
[BlackElo "2080"]

1.d4 Nf6 2.Nf3 c5 3.d5 b5 4.Bg5 Ne4 5.Bh4 Qa5+ 6.c3 g6 7.Nbd2 Nxd2 8.Nxd2 Bg7
9.e4 Ba6 10.Be2 b4 11.O-O d6 12.Bxa6 Nxa6 13.Nc4 Qb5 14.Qe2 Nc7 15.cxb4 Qxb4
16.e5 dxe5 17.a3 Qa4 18.Bxe7 Nxd5 19.Bxc5 O-O-O 20.Nd6+ Kb8 21.Rfd1 Qc6
22.Rxd5 Qxd5 23.Qb5+ Ka8 24.Qa4 Qxc5 25.Qe4+ {#r} 1-0

[Event "17th BCC Open 2017"]
[Site "Cha-Am THA"]
[Date "2017.04.13"]
[Round "6.2"]
[White "Bersamina,Paulo"]
[Black "Gustafsson,J"]
[Result "0-1"]
[WhiteElo "2417"]
[BlackElo "2626"]

1.e4 e5 2.Nf3 Nc6 3.Bb5 a6 4.Ba4 Nf6 5.O-O b5 6.Bb3 Bc5 7.Nxe5 Nxe5 8.d4 Bxd4
9.Qxd4 d6 10.c3 c5 11.Qd1 O-O 12.f3 d5 13.exd5 Bf5 14.Bc2 Bxc2 15.Qxc2 c4
16.Be3 Nxd5 17.Bd4 Nd3 18.Nd2 N5b4 19.Qb1 Re8 20.Ne4 f5 21.Nf2 Re2 22.b3 Nc2
23.bxc4 bxc4 24.Nxd3 cxd3 25.Kh1 Rb8 26.Qd1 Qg5 27.Rg1 Nxa1 28.Qxd3 Rbe8 29.f4
Qg6 30.Be5 Rxa2 31.c4 Qc6 32.h3 Nc2 33.Qb3 Ra3 34.Qxc2 Rxh3# 0-1

[Event "17th BCC Open 2017"]
[Site "Cha-Am THA"]
[Date "2017.04.13"]
[Round "6.5"]
[White "Rozum,I"]
[Black "Mu Ke"]
[Result "1-0"]
[WhiteElo "2600"]
[BlackElo "2408"]

1.Nf3 Nf6 2.c4 c6 3.g3 d5 4.Bg2 g6 5.b3 Bg7 6.Bb2 O-O 7.O-O a5 8.Nc3 Ne4 9.Na4
Bxb2 10.Nxb2 Nd7 11.d3 Nd6 12.d4 Nf6 13.c5 Nde4 14.Na4 h5 15.Ne5 Kg7 16.f3 Ng5
17.Qd2 Ne6 18.Rad1 Ng8 19.Nb6 Ra6 20.Qb2 Nh6 21.e4 f6 22.exd5 cxd5 23.Nd3 Nf5
24.Qf2 h4 25.Rfe1 hxg3 26.hxg3 Rh8 27.f4 Nfxd4 28.Nb2 Nf5 29.Rxd5 Qg8 30.g4
Nh4 31.f5 Nxg2 32.Qxg2 Rxb6 33.cxb6 Nf4 34.Rxe7+ Kh6 35.Qd2 {#r} 1-0

[Event "17th BCC Open 2017"]
[Site "Cha-Am THA"]
[Date "2017.04.13"]
[Round "6.6"]
[White "Sengupta,D"]
[Black "Venkatesh,M"]
[Result "1-0"]
[WhiteElo "2583"]
[BlackElo "2396"]

1.e4 c5 2.Nf3 Nc6 3.Nc3 e5 4.Bc4 Be7 5.d3 Nf6 6.Nd2 d6 7.Nf1 Bg4 8.f3 Be6
9.Ne3 O-O 10.Ncd5 Nd7 11.O-O Bg5 12.a3 Nb6 13.Ba2 Bxe3+ 14.Bxe3 Bxd5 15.Bxd5
Nxd5 16.exd5 Ne7 17.c4 Nf5 18.Qd2 a5 19.b3 Qd7 20.b4 b6 21.Bf2 axb4 22.axb4
Ra4 23.Rab1 Rfa8 24.bxc5 bxc5 25.Rb5 h6 26.Rfb1 Ra2 27.Qe1 Qd8 28.Qe4 g6 29.f4
exf4 30.Qxf4 Ra1 31.g4 Nh4 32.Rb7 Rxb1+ 33.Rxb1 Ra2 34.Rf1 Ra7 35.Bg3 h5
36.Qf2 g5 37.gxh5 Qe7 38.Kh1 Ra3 39.Re1 Qa7 40.Qf6 {#r} 1-0

[Event "17th BCC Open 2017"]
[Site "Cha-Am THA"]
[Date "2017.04.13"]
[Round "6.12"]
[White "Lei Tingjie"]
[Black "Severino,S"]
[Result "1-0"]
[WhiteElo "2471"]
[BlackElo "2364"]

1.e4 e5 2.Nf3 Nf6 3.Nxe5 d6 4.Nf3 Nxe4 5.d4 d5 6.Bd3 Be7 7.O-O O-O 8.Re1 Nf6
9.Ne5 Nbd7 10.Nd2 c5 11.c3 Nxe5 12.dxe5 Ne8 13.Nf1 f5 14.exf6 Nxf6 15.Bg5 c4
16.Bc2 h6 17.Be3 Ng4 18.Bd4 Bf6 19.Bc5 Re8 20.Rxe8+ Qxe8 21.Qxd5+ Qe6 22.Be4
Ne5 23.Ne3 Nd3 24.Ba3 Nf4 25.Qxc4 Qxc4 26.Nxc4 Be6 27.Ne3 {#r} 1-0

[Event "17th BCC Open 2017"]
[Site "Cha-Am THA"]
[Date "2017.04.13"]
[Round "6.13"]
[White "Habla,J"]
[Black "Huschenbeth,N"]
[Result "0-1"]
[WhiteElo "2226"]
[BlackElo "2588"]

1.d4 d5 2.Nf3 a6 3.e3 Bg4 4.c4 dxc4 5.Bxc4 e6 6.h3 Bh5 7.Qb3 Bxf3 8.gxf3 b5
9.Be2 c5 10.dxc5 Bxc5 11.Rg1 Bf8 12.a4 b4 13.Nd2 Nd7 14.Ne4 Ngf6 15.Nxf6+ Qxf6
16.Bd2 Bc5 17.Rc1 O-O 18.f4 Rfd8 19.a5 Bf8 20.Rc6 Qf5 21.Rg5 Qxh3 22.Bf1 Qh1
23.Qc4 Nf6 24.f5 Rd7 25.Ke2 Rad8 26.Be1 Rd1 27.e4 Rb1 28.Qc2 Rdd1 29.Qxd1 Rxd1
30.Kxd1 Qxf1 31.Rc8 Qd3+ 32.Kc1 Qf1 33.Kd1 Nxe4 {#R} 0-1

[Event "17th BCC Open 2017"]
[Site "Cha-Am THA"]
[Date "2017.04.13"]
[Round "6.14"]
[White "Wan Yunguo"]
[Black "Rom,J"]
[Result "1-0"]
[WhiteElo "2492"]
[BlackElo "2206"]

1.e4 e6 2.d4 d5 3.Nc3 Nf6 4.e5 Nfd7 5.f4 c5 6.Nf3 Nc6 7.Be3 Be7 8.Qd2 O-O
9.dxc5 Nxc5 10.O-O-O a6 11.Bf2 Qa5 12.Kb1 Bd7 13.f5 f6 14.exf6 Rxf6 15.fxe6
Bxe6 16.Qe1 d4 17.Nxd4 Nxd4 18.Bxd4 Rd8 19.Bc4 Bxc4 20.Qxe7 {#r} 1-0

[Event "17th BCC Open 2017"]
[Site "Cha-Am THA"]
[Date "2017.04.13"]
[Round "6.15"]
[White "Low,Zhen Yu Cyrus"]
[Black "Akmalnaidi,Akbar"]
[Result "1-0"]
[WhiteElo "2441"]
[BlackElo "2196"]

1.e4 e5 2.Nf3 Nc6 3.Bc4 Bc5 4.c3 Nf6 5.d3 d6 6.O-O h6 7.Re1 O-O 8.Nbd2 a6
9.Bb3 Ba7 10.h3 Ne7 11.Nf1 Ng6 12.Ng3 Nh7 13.d4 Qf6 14.Be3 Ng5 15.Nh2 Nf4
16.Ng4 Bxg4 17.Qxg4 g6 18.Bxf4 exf4 19.Ne2 f3 20.Nf4 fxg2 21.Kxg2 Kh7 22.Nd5
Qd8 23.h4 Ne6 24.e5 h5 25.Qg3 dxe5 26.dxe5 Kh6 27.Nf6 Qd2 28.Bxe6 fxe6 29.Rad1
Qxb2 30.Qg5+ Kg7 31.Nxh5+ Kh7 32.Rd7+ {#r} 1-0

[Event "17th BCC Open 2017"]
[Site "Cha-Am THA"]
[Date "2017.04.13"]
[Round "6.18"]
[White "Fronda,J"]
[Black "Schebler,G"]
[Result "0-1"]
[WhiteElo "2176"]
[BlackElo "2387"]

1.e4 c5 2.Nf3 Nc6 3.Bb5 e6 4.Bxc6 bxc6 5.b3 Ne7 6.Bb2 Ng6 7.d3 f6 8.Nbd2 d6
9.O-O Be7 10.Nc4 O-O 11.h4 e5 12.h5 Nf4 13.g3 Nh3+ 14.Kg2 f5 15.Nfxe5 f4
16.Ng4 f3+ 17.Kxh3 Qe8 18.Kh2 Qxh5+ 19.Kg1 Bxg4 20.Qd2 Qh3 21.Ne3 Bg5 22.c4
Rae8 23.Rac1 Re6 24.Qc3 Rf7 {#R} 0-1